000
00209 a2200097 4500
001
11086
100
_a
Javid Iqbal
245
_a
The people of PAKISTAN
260
_a
_b
G. Ali and Sons
_c
090
_c
8645
_d
8645
942
_a
NUST-CAE
_c
M
_c
35428
999
_c
246159
_d
246159